000 00925cab a2200301 4500
001 ABS50835
008 090401t1994 xxu||||| |||| 00| 0 eng d
035 _a(Sirsi) u66568
041 _aeng
245 _aFocus `94: Bristol
260 _c1994
350 _a0
490 _aEstates Gazette
_v(9425) 25 June 1994, 97-130(15)
650 _aBRISTOL DEVELOPMENT CORPORATION
650 _aBRISTOL
650 _aCRIBBS CAUSEWAY
650 _aINDUSTRIAL MARKET
650 _aOCCUPIER SURVEY
650 _aPROPERTY-COMMERCIAL PROPERTY-OFFICE PROPERTY-OFFICE PROPERTY MARKET
650 _aOUT-OF-TOWN SHOPPING CENTRES
650 _aPLANNING ISSUES
650 _aPROPERTY-COMMERCIAL PROPERTY-RETAIL PROPERTY-RETAIL PROPERTY MARKET
650 _aSOUTH-WEST ENGLAND
650 _aTENDER PRICE INDICATOR
690 _aPROPERTY-COMMERCIAL PROPERTY-COMMERCIAL PROPERTY MARKET
942 _n0
948 _c04/03/1997
999 _c41587
_d41587